000 00505nam a2200193Ia 4500
003 OSt
005 20250203162249.0
008 210210b1980 xxu||||| |||| 00| 0 eng d
040 _cAL
041 _aKannada
082 _aK894.3 INDR
100 _aINDIRA (M K)
_9129567
_dಇಂದಿರಾ(ಎಂ ಕೆ)
245 _aRasavahini
_bರಸವಾಹಿನಿ
260 _aBengaluru
_bPrakasha Sahitya
_c1980
300 _a189
690 _aKannada Fiction
_9129568
906 _a036100
942 _2ddc
_cBK
999 _c86805
_d86805